| 000 | 00357nam a2200109 4500 | ||
|---|---|---|---|
| 245 |
_aWomen in the sacred laws _cby Shakuntala Rao Shastri ; with a foreword by F.W. Thomas |
||
| 100 | _aRao Shastri, Shakuntala | ||
| 260 |
_aBombay _bBharatiya Vidya Bhavan _c1959 |
||
| 300 | _a189p.; 18cm | ||
| 490 | _aBhavan book University ; no.13 | ||
| 082 |
_aPC _b294.5926 RAO |
||
| 999 |
_c3942 _d3942 |
||